[Event "24th ch-EUR Indiv w 2024"]
[Site "Rhodes GRE"]
[Date "2024.04.21"]
[Round "3.73"]
[White "Dereka, Konstantina"]
[Black "Harmsen, Jessica"]
[Result "1/2-1/2"]
[BlackTitle "WIM"]
[WhiteElo "1821"]
[BlackElo "2102"]
[WhiteFideId "25837435"]
[BlackFideId "1001612"]
[EventDate "2024.04.19"]

1. d4 f5 2. g3 g6 3. Bg2 Nf6 4. Nf3 Bg7 5. O-O O-O 6. c4 d6 7. Nc3 Qe8 8. Qc2 e5
9. dxe5 dxe5 10. b3 e4 11. Nd4 Ng4 12. Rd1 c6 13. h3 Ne5 14. Bb2 Qe7 15. Qc1 Re8
16. Ba3 Qf6 17. Na4 Nbd7 18. c5 Nf8 19. Nc2 Be6 20. Rd6 Rad8 21. Bb2 Rxd6 22.
cxd6 Nfd7 23. Ne3 Qf8 24. Nc5 Nxc5 25. Qxc5 b6 26. Qa3 a5 27. Rc1 c5 28. Rd1 Rd8
29. Qa4 Rxd6 30. Rxd6 Qxd6 31. Qe8+ Bf8 32. Bxe5 Qxe5 33. Nc4 Qa1+ 34. Bf1 Bxc4
35. bxc4 Qf6 36. e3 h6 37. Kg2 Kh7 38. Qd7+ Bg7 39. Qd2 h5 40. Be2 h4 41. g4 Qb2
42. Qxb2 Bxb2 1/2-1/2

[Event "24th ch-EUR Indiv w 2024"]
[Site "Rhodes GRE"]
[Date "2024.04.21"]
[Round "3.74"]
[White "Tsirulnik, Maritsa"]
[Black "Aliu, Arlinda"]
[Result "1-0"]
[WhiteElo "2082"]
[BlackElo "1813"]
[WhiteFideId "14118688"]
[BlackFideId "22101292"]
[EventDate "2024.04.19"]

1. c4 e6 2. d4 b6 3. Nf3 Nf6 4. g3 Bb7 5. Bg2 Bb4+ 6. Bd2 Qe7 7. O-O O-O 8. Bf4
d5 9. c5 bxc5 10. a3 Ba5 11. dxc5 Nh5 12. b4 Nxf4 13. gxf4 Nc6 14. bxa5 Qxc5 15.
Qd3 Qxa5 16. Ng5 g6 17. Nd2 Ba6 18. Qh3 h5 19. Nb3 Qb6 20. Rfe1 Ne7 21. Rac1 Bc4
22. Nd2 Bb5 23. e4 Rfd8 24. Qc3 Qd6 25. e5 Qc6 26. Qa5 Qb6 27. Qxb6 cxb6 28. Rc7
Rd7 29. Rec1 Rad8 30. Bf1 Bc4 31. Rxd7 Rxd7 32. Nxc4 dxc4 33. Rxc4 Nd5 34. Bg2
Ne7 35. Bf3 Nf5 36. Rc8+ Kg7 37. Kf1 Nd4 38. Be2 f6 39. Ne4 fxe5 40. fxe5 Nxe2
41. Kxe2 Rd4 42. Rc7+ Kf8 43. Ng5 Ra4 44. Nxe6+ Ke8 45. Rc3 Ke7 46. Ng5 Rg4 47.
Nf3 Ra4 48. Ke3 Ke6 49. Rc6+ Kf5 50. Rf6+ 1-0

[Event "24th ch-EUR Indiv w 2024"]
[Site "Rhodes GRE"]
[Date "2024.04.21"]
[Round "3.75"]
[White "Belluire, Beatrice"]
[Black "Kalayci, Nino"]
[Result "1/2-1/2"]
[BlackTitle "WCM"]
[WhiteElo "2070"]
[BlackElo "1755"]
[WhiteFideId "26017296"]
[BlackFideId "13603221"]
[EventDate "2024.04.19"]

1. e4 e6 2. d4 d5 3. Nc3 Nf6 4. Bg5 Be7 5. e5 Nfd7 6. Bxe7 Qxe7 7. f4 a6 8. Nf3
c5 9. Qd2 Nc6 10. Bd3 b5 11. dxc5 Nxc5 12. a3 g6 13. O-O Nxd3 14. cxd3 Qc5+ 15.
Kh1 Bd7 16. Rac1 Qb6 17. b4 a5 18. Rb1 axb4 19. axb4 Ne7 20. Qf2 Qxf2 21. Rxf2
Nf5 22. Ra2 Ke7 23. Kg1 Rxa2 24. Nxa2 Ra8 25. Nc1 h5 26. Kf2 Rc8 27. Ne1 Nd4 28.
Ke3 Nf5+ 29. Kd2 Bc6 30. Nb3 Ra8 31. Na5 Bd7 32. Nf3 Rc8 33. g3 f6 34. Nb3 Ra8
35. Rb2 Rc8 36. Nbd4 fxe5 37. Nxf5+ exf5 38. Nxe5 Be8 39. Rc2 Rxc2+ 40. Kxc2 Kd6
41. Kc3 g5 42. Nf3 g4 43. Ne5 Ke6 44. Kd4 Kd6 45. h4 gxh3 46. Nf3 Bc6 47. Nh2
Bb7 48. Nf1 Bc6 49. Ke3 d4+ 50. Kf2 Bg2 51. Nd2 Bc6 52. Nf1 Bg2 53. Nd2 Bc6 54.
Nf3 Bxf3 55. Kxf3 Ke6 56. Kf2 h2 57. Kg2 h1=Q+ 58. Kxh1 Kf6 59. Kg2 Kg6 60. Kh3 1/2-1/2

[Event "24th ch-EUR Indiv w 2024"]
[Site "Rhodes GRE"]
[Date "2024.04.21"]
[Round "3.76"]
[White "Gajcin, Jasmina"]
[Black "Peycheva, Gergana"]
[Result "1/2-1/2"]
[WhiteTitle "WCM"]
[BlackTitle "FM"]
[WhiteElo "1908"]
[BlackElo "2295"]
[WhiteFideId "939030"]
[BlackFideId "2916711"]
[EventDate "2024.04.19"]

1. e4 c5 2. Nf3 e6 3. c3 d5 4. e5 d4 5. Bd3 Bd7 6. Be4 Bc6 7. Qe2 Ne7 8. O-O Ng6
9. g3 Qd7 10. Re1 Bxe4 11. Qxe4 Nc6 12. cxd4 cxd4 13. b3 O-O-O 14. Ba3 Kb8 15.
Bxf8 Rhxf8 16. Na3 Qd5 17. Rac1 Qxe4 18. Rxe4 Rd5 19. Nc4 Rc8 20. Nd6 Rc7 21.
Ne8 Re7 22. Nxg7 Ngxe5 23. Nxe5 Nxe5 24. f4 Nc6 25. f5 exf5 26. Rxe7 Nxe7 27.
Nh5 Re5 28. Kf2 Nc6 29. Nf4 Kc7 30. Nd3 Ra5 31. a4 Kd6 32. Nb2 Rc5 33. Nc4+ Kd7
34. Ke2 b5 35. axb5 Rxb5 36. Rb1 Ke6 37. Kd3 a5 38. Na3 Rd5 39. Re1+ Ne5+ 40.
Kc2 Kf6 41. Nc4 a4 42. Nxe5 axb3+ 43. Kxb3 Rxe5 44. Rf1 Re2 45. g4 Rxh2 46.
Rxf5+ Ke6 47. d3 Rh4 48. Rg5 f6 49. Rg7 h5 50. gxh5 Rxh5 51. Kc4 Rh4 52. Ra7 f5
53. Ra6+ Ke5 54. Ra5+ Kf4 55. Rd5 Rh8 56. Kxd4 Rf8 57. Rd7 Kf3 58. Ke5 f4 59. d4
Ke3 60. d5 f3 61. Ra7 f2 62. Ra3+ Kd2 63. Ra2+ Kc3 64. Rxf2 Rxf2 65. d6 Kc4 66.
d7 Rd2 67. Ke6 Kc5 68. Ke7 Re2+ 69. Kf7 Rd2 70. Ke7 1/2-1/2

[Event "24th ch-EUR Indiv w 2024"]
[Site "Rhodes GRE"]
[Date "2024.04.21"]
[Round "3.77"]
[White "Dwilewicz, Katarzyna"]
[Black "Chasouraki, Chrysi"]
[Result "1/2-1/2"]
[WhiteTitle "WFM"]
[WhiteElo "2130"]
[BlackElo "1827"]
[WhiteFideId "1148486"]
[BlackFideId "25861123"]
[EventDate "2024.04.19"]

1. e4 c5 2. Nf3 a6 3. c3 d5 4. exd5 Qxd5 5. d4 e6 6. Be2 Nf6 7. O-O cxd4 8. cxd4
Be7 9. Nc3 Qd6 10. Bg5 Nbd7 11. Qd2 Nb6 12. Bxf6 Bxf6 13. Ne4 Qe7 14. Qa5 Nd5
15. Bc4 b6 16. Qa4+ Bd7 17. Qb3 Bc6 18. Nxf6+ Qxf6 19. Ne5 b5 20. Bd3 Ne7 21.
Nxc6 Nxc6 22. Bxb5 axb5 23. Qxb5 O-O 24. Qxc6 Qxd4 25. b3 Rfc8 26. Qf3 Ra3 27.
Rad1 Qa7 28. Qc6 Qa8 29. Qxa8 Rcxa8 30. Ra1 Rxa2 31. Rxa2 Rxa2 32. Rb1 Kf8 33.
g3 e5 34. b4 Ke7 35. b5 Kd7 36. b6 Kc8 37. Rc1+ Kb7 38. Rc7+ Kxb6 39. Rxf7 Ra7
40. Rxa7 Kxa7 41. Kg2 Kb6 42. Kf3 Kc5 43. Ke4 Kd6 44. h4 Ke6 45. g4 g6 1/2-1/2

[Event "24th ch-EUR Indiv w 2024"]
[Site "Rhodes GRE"]
[Date "2024.04.21"]
[Round "3.78"]
[White "Saraci, Ndriqona"]
[Black "Guillo Longares, Cecilia"]
[Result "0-1"]
[WhiteTitle "WCM"]
[BlackTitle "WFM"]
[WhiteElo "1660"]
[BlackElo "2101"]
[WhiteFideId "969095"]
[BlackFideId "32082681"]
[EventDate "2024.04.19"]

1. e4 c5 2. Nf3 Nc6 3. Bb5 g6 4. Bxc6 dxc6 5. d3 Bg7 6. h3 Nf6 7. Nc3 Nd7 8. Be3
e5 9. Qd2 h6 10. O-O b6 11. a3 Nf8 12. b4 f5 13. exf5 gxf5 14. Qe1 Ne6 15. bxc5
O-O 16. Rb1 e4 17. dxe4 f4 18. Bd2 Ng5 19. Qe2 Nxf3+ 20. Qxf3 Qxd2 21. Ne2 Ba6
22. Rfe1 Bxe2 23. Rxe2 Qd4 24. cxb6 axb6 25. Qb3+ Kh7 26. Qxb6 Rab8 27. Qxc6
Rxb1+ 28. Kh2 Qd1 0-1

[Event "24th ch-EUR Indiv w 2024"]
[Site "Rhodes GRE"]
[Date "2024.04.21"]
[Round "3.79"]
[White "Shuqja, Klean"]
[Black "Revelioti, Eleni Nefeli"]
[Result "1-0"]
[WhiteTitle "WFM"]
[WhiteElo "1977"]
[BlackElo "1652"]
[WhiteFideId "4701585"]
[BlackFideId "42168090"]
[EventDate "2024.04.19"]

1. e4 e5 2. Nf3 Nc6 3. Bb5 Bd6 4. O-O a6 5. Ba4 b5 6. Bb3 Nf6 7. Re1 O-O 8. c3
Bc5 9. d4 Bd6 10. Bg5 h6 11. Bh4 Re8 12. Nbd2 Bb7 13. Bd5 Rb8 14. Bxc6 dxc6 15.
dxe5 Bxe5 16. Nxe5 Rxe5 17. f4 Re8 18. e5 g5 19. exf6 Rxe1+ 20. Bxe1 Qxf6 21.
fxg5 Qxg5 22. Nf3 Qg6 23. Qb1 Qg7 24. Bg3 Rc8 25. Qf5 c5 26. Re1 Rd8 27. Be5 Qf8
28. Qg4+ Kh7 29. Ng5+ hxg5 30. Qh5+ Qh6 31. Qxf7+ 1-0

[Event "24th ch-EUR Indiv w 2024"]
[Site "Rhodes GRE"]
[Date "2024.04.21"]
[Round "3.80"]
[White "Recica, Jona"]
[Black "Kordzadze, Nino"]
[Result "0-1"]
[WhiteElo "1641"]
[BlackElo "1976"]
[WhiteFideId "22105239"]
[BlackFideId "13603817"]
[EventDate "2024.04.19"]

1. e4 e6 2. d4 d5 3. Nc3 Nf6 4. e5 Nfd7 5. f4 c5 6. Nf3 Nc6 7. Ne2 b6 8. c3 Ba6
9. g3 cxd4 10. cxd4 Nb4 11. Nc3 Bxf1 12. Rxf1 Be7 13. Kf2 h5 14. h3 a6 15. Kg2
g6 16. a3 Nc6 17. Ng5 b5 18. Qd3 Nf8 19. Bd2 Na5 20. g4 Nb3 21. Rae1 Nxd2 22.
Qxd2 Rc8 23. Qf2 Rc4 24. f5 gxf5 25. gxf5 Rg8 26. fxe6 Rxg5+ 27. Kh1 fxe6 28.
Qf7+ Kd7 29. Ne4 dxe4 30. d5 Rxe5 31. dxe6+ Nxe6 32. Rd1+ Rd4 33. Rxd4+ Nxd4 34.
Rd1 Qb6 35. Qg7 Qd6 36. Qg1 e3 37. Qg2 e2 38. Qb7+ Ke6 39. Qc8+ Kf7 40. Rg1 Qd5+ 0-1

[Event "24th ch-EUR Indiv w 2024"]
[Site "Rhodes GRE"]
[Date "2024.04.21"]
[Round "3.81"]
[White "Kroliczek, Gabriela"]
[Black "Popadyuk, Olga"]
[Result "1-0"]
[WhiteElo "1957"]
[BlackElo "1633"]
[WhiteFideId "21816727"]
[BlackFideId "14176246"]
[EventDate "2024.04.19"]

1. e4 c5 2. Nc3 d6 3. d4 cxd4 4. Qxd4 Nc6 5. Qd2 Nf6 6. b3 g6 7. Bb2 Bg7 8.
O-O-O O-O 9. Kb1 Be6 10. f3 Qc7 11. Nge2 Rfd8 12. Nf4 a6 13. g4 Ne5 14. Be2 Rac8
15. g5 Nfd7 16. Ncd5 Qb8 17. Nxe7+ Kh8 18. Nxc8 Qxc8 19. Nxe6 fxe6 20. Qxd6 Nf7
21. Qxe6 Bxb2 22. Kxb2 Nxg5 23. Qe7 Nh3 24. Qh4 Nc5 25. Rxd8+ 1-0

[Event "24th ch-EUR Indiv w 2024"]
[Site "Rhodes GRE"]
[Date "2024.04.21"]
[Round "3.82"]
[White "Kaka, Rengina Tsampika"]
[Black "Silva, Ana Ines Teixeira Da"]
[Result "0-1"]
[BlackTitle "WFM"]
[WhiteElo "1480"]
[BlackElo "1933"]
[WhiteFideId "42153794"]
[BlackFideId "1932543"]
[EventDate "2024.04.19"]

1. d4 d5 2. Bf4 Nf6 3. e3 e6 4. Nf3 Bd6 5. Bg3 O-O 6. Bd3 c5 7. c3 Qc7 8. Bxd6
Qxd6 9. Nbd2 Nc6 10. Qc2 e5 11. dxe5 Nxe5 12. Nxe5 Qxe5 13. O-O-O c4 14. Be2 Bf5
15. Qa4 b5 16. Qxb5 Qc7 17. Rde1 Rab8 18. Qa4 Qb6 19. Qa3 Rfc8 20. b3 cxb3 21.
Nxb3 Rxc3+ 22. Kd2 Ne4+ 23. Kd1 Nxf2+ 24. Kd2 Rc2# 0-1

[Event "24th ch-EUR Indiv w 2024"]
[Site "Rhodes GRE"]
[Date "2024.04.21"]
[Round "3.83"]
[White "Vasylchuk, Diana"]
[Black "Korinioti, Myrto"]
[Result "1-0"]
[WhiteElo "1931"]
[BlackElo "1457"]
[WhiteFideId "34134611"]
[BlackFideId "42153743"]
[EventDate "2024.04.19"]

1. e4 c5 2. Nf3 Nc6 3. d4 cxd4 4. Nxd4 Nf6 5. Nc3 e5 6. Ndb5 d6 7. Bg5 a6 8. Na3
b5 9. Nd5 Be7 10. Bxf6 Bxf6 11. c3 O-O 12. Nc2 Bg5 13. h4 Be7 14. a4 bxa4 15.
Rxa4 a5 16. Nce3 Bd7 17. Nc4 Be6 18. Nxe7+ Qxe7 19. Qxd6 Qxd6 20. Nxd6 Rfd8 21.
Nb5 Rd7 22. Bc4 Rad8 23. O-O Bxc4 24. Rxc4 Ne7 25. Rc5 f6 26. Na3 Ra7 27. Nc4 a4
28. Ra1 Rb8 29. b4 Ng6 30. g3 Kf7 31. Na5 Nf8 32. Nc6 Nd7 33. Nxa7 Nxc5 34. bxc5
Ra8 35. Rxa4 Ke6 36. Ra6+ Kd7 37. c6+ Kc7 38. Nb5+ Kb8 39. c7+ Kb7 40. Rxa8 1-0

[Event "24th ch-EUR Indiv w 2024"]
[Site "Rhodes GRE"]
[Date "2024.04.21"]
[Round "3.87"]
[White "Alexandri, Vasiliki"]
[Black "Lamprianou, Marianna"]
[Result "1-0"]
[WhiteElo "1859"]
[BlackElo "1462"]
[WhiteFideId "42103606"]
[BlackFideId "42153697"]
[EventDate "2024.04.19"]

1. d4 d5 2. c4 e6 3. Nc3 Nf6 4. cxd5 exd5 5. Bg5 Be7 6. e3 O-O 7. Bd3 Nc6 8.
Bxf6 Bxf6 9. Qh5 g6 10. Qxd5 Nb4 11. Qc4 c5 12. Ne4 Be6 13. Nxf6+ Qxf6 14. Qc3
Rfd8 15. Ne2 Rac8 16. O-O Nxa2 17. Qa3 Nb4 18. Rad1 a6 19. Rfe1 Nxd3 20. Qxd3 c4
21. Qa3 Rd5 22. e4 Rg5 23. f4 Rb5 24. d5 Bg4 25. Nd4 Bxd1 26. Nxb5 Qb6+ 27. Kh1
Qxb5 28. Rxd1 Qd7 29. h3 Re8 30. Qe3 b5 31. e5 Qb7 32. f5 Qd7 33. f6 Kh8 34. Qh6
Rg8 35. Qg5 Qe8 36. Rd4 Qf8 37. Rh4 a5 38. e6 fxe6 39. dxe6 Qe8 40. Rxh7+ Kxh7
41. Qh4# 1-0

[Event "24th ch-EUR Indiv w 2024"]
[Site "Rhodes GRE"]
[Date "2024.04.21"]
[Round "3.88"]
[White "Sanchez Ruiz, Piedad Esmeralda"]
[Black "Peglau, Charis"]
[Result "0-1"]
[BlackTitle "WFM"]
[WhiteElo "1806"]
[BlackElo "2161"]
[WhiteFideId "2286912"]
[BlackFideId "16219996"]
[EventDate "2024.04.19"]

1. e4 c6 2. d4 d5 3. exd5 cxd5 4. Bd3 Nc6 5. c3 Nf6 6. Nf3 Bg4 7. O-O e6 8. Bf4
Bd6 9. Bxd6 Qxd6 10. Re1 O-O 11. Nbd2 Rab8 12. a4 Rfc8 13. Qe2 Ne7 14. Qe5 Qb6
15. Reb1 Bf5 16. Bxf5 Nxf5 17. Qe2 a6 18. Ne5 Qc7 19. Ndf3 Ne4 20. Nd2 Nxd2 21.
Qxd2 Nd6 22. Qe2 b5 23. axb5 axb5 24. Ra6 Ra8 25. Rba1 Qb7 26. Rxa8 Rxa8 27.
Rxa8+ Qxa8 28. g3 Qa4 29. Nd3 Nc4 30. Kg2 h6 31. h3 Qb3 32. Kh2 Kf8 33. Kg2 Ke7
34. Kh2 Nd6 35. Kg2 Nc4 36. Kh2 Kf8 37. Kg2 Kg8 38. Kh2 Na5 39. Kg2 Nc6 40. Qd2
Qc4 41. f4 Na5 42. Kf2 Qa4 43. Qe2 Qa1 44. Kg2 Nc4 45. Kh2 Qb1 46. Kg2 Kf8 47.
Kh2 g6 48. g4 Nd6 49. Kg2 Ke7 50. Kh2 Ne4 51. Kg2 h5 52. gxh5 gxh5 53. h4 Nd6
54. Ne5 Qe4+ 55. Qxe4 dxe4 56. b3 f6 57. Nc6+ Kd7 58. Na5 Nf5 59. c4 bxc4 60.
Nxc4 Nxh4+ 0-1

[Event "24th ch-EUR Indiv w 2024"]
[Site "Rhodes GRE"]
[Date "2024.04.22"]
[Round "4.1"]
[White "Kulon, Klaudia"]
[Black "Narva, Mai"]
[Result "1/2-1/2"]
[WhiteTitle "IM"]
[BlackTitle "IM"]
[WhiteElo "2348"]
[BlackElo "2401"]
[WhiteFideId "1131044"]
[BlackFideId "4500512"]
[EventDate "2024.04.19"]

1. e4 c5 2. Nf3 e6 3. d4 cxd4 4. Nxd4 Nf6 5. Nc3 Nc6 6. Nxc6 bxc6 7. e5 Nd5 8.
Ne4 Qc7 9. f4 Qb6 10. c4 Bb4+ 11. Ke2 f5 12. exf6 Nxf6 13. Be3 Qd8 14. Nd6+ Bxd6
15. Qxd6 Bb7 16. Rd1 a5 17. g4 c5 18. Rg1 Ne4 19. Qe5 Qe7 20. f5 Rf8 21. Bg2 Qf6
22. Qxf6 Rxf6 23. Kd3 exf5 24. gxf5 Rd6+ 25. Kc2 Rxd1 26. Rxd1 O-O-O 27. Bxe4
Bxe4+ 28. Kc3 1/2-1/2

[Event "24th ch-EUR Indiv w 2024"]
[Site "Rhodes GRE"]
[Date "2024.04.22"]
[Round "4.2"]
[White "Fataliyeva, Ulviyya"]
[Black "Wikar, Martyna"]
[Result "1-0"]
[WhiteTitle "IM"]
[BlackTitle "WIM"]
[WhiteElo "2377"]
[BlackElo "2214"]
[WhiteFideId "13403052"]
[BlackFideId "21807663"]
[EventDate "2024.04.19"]

1. d4 Nf6 2. Nf3 g6 3. g3 Bg7 4. Bg2 d6 5. O-O O-O 6. Re1 c5 7. dxc5 dxc5 8. c3
Nbd7 9. a4 Qc7 10. Na3 e5 11. Nc4 h6 12. a5 g5 13. e4 Re8 14. Bf1 Bf8 15. h4 g4
16. Nh2 h5 17. f3 b5 18. axb6 Nxb6 19. Bg5 Nh7 20. fxg4 Nxg5 21. hxg5 Be7 22.
gxh5 Bxg5 23. Qd6 Qb8 24. Nf3 Nxc4 25. Qxb8 Rxb8 26. Bxc4 Bf6 27. Rxa7 Be6 28.
Bxe6 Rxe6 29. Re2 Reb6 30. Rc7 Rxb2 31. Rxb2 Rxb2 32. Rxc5 Re2 33. Rc4 Kg7 34.
Kf1 Rc2 35. Rc6 Bd8 36. Nxe5 f6 37. Ng4 Ba5 38. h6+ Kh7 39. Rc5 Bxc3 40. Rc7+
Kh8 41. Nxf6 Rc1+ 42. Kg2 1-0

[Event "24th ch-EUR Indiv w 2024"]
[Site "Rhodes GRE"]
[Date "2024.04.22"]
[Round "4.3"]
[White "Benmesbah, Natacha"]
[Black "Garcia Martin, Marta"]
[Result "0-1"]
[WhiteTitle "WIM"]
[BlackTitle "IM"]
[WhiteElo "2306"]
[BlackElo "2349"]
[WhiteFideId "642002"]
[BlackFideId "32084030"]
[EventDate "2024.04.19"]

1. e4 g6 2. d4 Bg7 3. Nc3 d6 4. Be3 a6 5. Qd2 b5 6. Bd3 Nd7 7. Nce2 c5 8. c3 Bb7
9. h4 Ngf6 10. f3 e5 11. Nh3 cxd4 12. cxd4 d5 13. exd5 Nxd5 14. Bg5 Qb6 15. h5
exd4 16. hxg6 hxg6 17. O-O-O Ne3 18. Rde1 Rxh3 19. Rxh3 Qc5+ 20. Kb1 Qxg5 21.
Nxd4 Bxd4 22. Bxb5 Qf5+ 23. Bd3 Qf6 24. Rxe3+ Bxe3 25. Qxe3+ Qe5 26. Qc1 Rc8 27.
Qd2 Rc6 28. f4 Qd4 29. Re3+ Kd8 30. Re4 Rc1+ 31. Kxc1 Bxe4 32. Qa5+ Ke8 33. Bxe4
Qxe4 34. Qxa6 Qxf4+ 0-1

[Event "24th ch-EUR Indiv w 2024"]
[Site "Rhodes GRE"]
[Date "2024.04.22"]
[Round "4.4"]
[White "Brunello, Marina"]
[Black "Efroimski, Marsel"]
[Result "1-0"]
[WhiteTitle "IM"]
[BlackTitle "IM"]
[WhiteElo "2353"]
[BlackElo "2457"]
[WhiteFideId "822590"]
[BlackFideId "2810964"]
[EventDate "2024.04.19"]

1. e4 c5 2. Nf3 Nc6 3. d4 cxd4 4. Nxd4 Nf6 5. Nc3 e5 6. Ndb5 d6 7. Bg5 a6 8. Na3
b5 9. Nd5 Be7 10. Bxf6 Bxf6 11. c3 O-O 12. Nc2 Bg5 13. a4 Rb8 14. axb5 axb5 15.
h4 Bh6 16. g3 Kh8 17. Bg2 f5 18. exf5 Bxf5 19. O-O Qd7 20. Nce3 Be6 21. Ra6 Nd8
22. Qd3 Bg8 23. b4 Ne6 24. Rfa1 Bxe3 25. Qxe3 Nc7 26. Nxc7 Qxc7 27. Rc6 Qe7 28.
Ra7 Qf6 29. Qd2 Rbd8 30. Raa6 Bc4 31. Rxd6 Rxd6 32. Rxd6 Qf5 33. Rd8 g6 34.
Rxf8+ Qxf8 35. Bf1 Bxf1 36. Kxf1 Qc8 37. Qe3 Qc4+ 38. Kg1 Qc7 39. Qc5 Qb8 40. c4
bxc4 41. Qxc4 Kg7 42. Qc5 Kf6 43. b5 Qd8 44. b6 Qd1+ 45. Kg2 Qb1 46. Qc6+ Kg7
47. Qc7+ Kf6 48. b7 Qe4+ 49. Kh2 Qd4 50. Qc6+ 1-0

[Event "24th ch-EUR Indiv w 2024"]
[Site "Rhodes GRE"]
[Date "2024.04.22"]
[Round "4.5"]
[White "Melia, Salome"]
[Black "Wagner, Dinara"]
[Result "1/2-1/2"]
[WhiteTitle "IM"]
[BlackTitle "IM"]
[WhiteElo "2322"]
[BlackElo "2453"]
[WhiteFideId "13602446"]
[BlackFideId "24157570"]
[EventDate "2024.04.19"]

1. e4 e5 2. Nf3 Nc6 3. Bb5 a6 4. Ba4 Nf6 5. O-O Nxe4 6. Re1 Nc5 7. Bxc6 bxc6 8.
Nxe5 Be7 9. d4 Ne6 10. c4 O-O 11. d5 cxd5 12. cxd5 Nc5 13. b4 Nb7 14. Bb2 Bf6
15. Nd2 Nd6 16. Nb3 Rb8 17. a3 Bxe5 18. Bxe5 Nf5 19. Nd4 Nxd4 20. Qxd4 f6 21. d6
c5 22. Qc4+ Kh8 23. Bc3 cxb4 24. axb4 Bb7 25. Re7 Qc8 26. Qg4 Rg8 27. Qg3 Qc6
28. h3 Rbc8 29. Rc1 Qb5 30. Kh2 Qf5 31. Bb2 Rxc1 32. Bxc1 Bc6 33. f3 Qg6 34. Qf4
h6 35. Bb2 Rb8 36. Bc3 Rb5 37. Re2 Rd5 38. Rd2 Rxd2 39. Qxd2 Bb5 40. Qe3 Kh7 41.
Qd4 1/2-1/2

[Event "24th ch-EUR Indiv w 2024"]
[Site "Rhodes GRE"]
[Date "2024.04.22"]
[Round "4.6"]
[White "Babiy, Olga"]
[Black "Javakhishvili, Lela"]
[Result "1/2-1/2"]
[WhiteTitle "WGM"]
[BlackTitle "IM"]
[WhiteElo "2306"]
[BlackElo "2447"]
[WhiteFideId "14117258"]
[BlackFideId "13601458"]
[EventDate "2024.04.19"]

1. d4 Nf6 2. Bg5 d5 3. e3 e6 4. Nd2 c5 5. c3 Be7 6. Bd3 b6 7. f4 Nbd7 8. Ngf3
Bb7 9. Ne5 h6 10. Bxf6 gxf6 11. Nxd7 Qxd7 12. Qh5 Bd6 13. O-O O-O-O 14. a4 f5
15. a5 c4 16. Be2 b5 17. a6 Bc6 18. b3 f6 19. Bf3 Kc7 20. Ra2 Rb8 21. Rb1 Qe8
22. Qh4 Be7 23. bxc4 bxc4 24. Rab2 Rb6 25. Bh5 Qd7 26. Rxb6 axb6 27. Bg6 h5 28.
g4 fxg4 29. f5 e5 30. dxe5 fxe5 31. f6 Bc5 32. Qg5 Qd6 33. Rd1 Qe6 34. Bf5 Rg8
35. Bxe6 Rxg5 36. Nf1 e4 37. a7 Kd6 38. Bc8 Rg8 39. Bf5 Ke5 40. f7 Rh8 41. Ng3
b5 42. Ra1 Bxe3+ 43. Kg2 h4 44. Bd7 Bb7 45. Ne2 b4 46. cxb4 Kd6 47. Be8 Ba8 48.
b5 Rf8 49. Ra6+ Ke5 50. Rc6 d4 51. Rc5+ Ke6 52. Rc8 d3 53. Nc3 Bxa7 54. Rxa8 Bd4
55. Nxe4 c3 56. Nxc3 Bxc3 57. Rd8 d2 58. Rd3 Ba5 59. b6 Bxb6 60. Rxd2 Ke5 1/2-1/2

[Event "24th ch-EUR Indiv w 2024"]
[Site "Rhodes GRE"]
[Date "2024.04.22"]
[Round "4.7"]
[White "Sliwicka, Alicja"]
[Black "Mammadzada, Gunay"]
[Result "1-0"]
[WhiteTitle "WIM"]
[BlackTitle "IM"]
[WhiteElo "2315"]
[BlackElo "2436"]
[WhiteFideId "1150677"]
[BlackFideId "13403729"]
[EventDate "2024.04.19"]

1. e4 c5 2. Nf3 d6 3. d4 cxd4 4. Nxd4 Nf6 5. Nc3 a6 6. Bd3 g6 7. f3 e5 8. Nb3
Be6 9. Be3 Nbd7 10. Qd2 Be7 11. O-O Qc7 12. a4 Nb6 13. a5 Nc4 14. Bxc4 Bxc4 15.
Rfd1 O-O 16. Nc1 Rac8 17. Bb6 Qc6 18. Nd3 Bxd3 19. Qxd3 Kg7 20. Rd2 Qc4 21. Qe3
Qb4 22. Na4 h6 23. c3 Qb5 24. Qe1 Kh7 25. Qd1 Nd7 26. Bf2 Qc6 27. b3 f5 28. exf5
gxf5 29. c4 Rg8 30. Bh4 Bf8 31. Nc3 b5 32. axb6 Nxb6 33. Qc2 Qxf3 34. Rf1 Qg4
35. Rxf5 Rg6 36. Rf6 Nd7 37. h3 Qh5 38. Rf7+ Bg7 39. Rxd6 e4 40. Rxg6 Kxg6 41.
Rxd7 Qxh4 42. Nxe4 Qe1+ 43. Kh2 Rf8 44. Ng3+ 1-0

[Event "24th ch-EUR Indiv w 2024"]
[Site "Rhodes GRE"]
[Date "2024.04.22"]
[Round "4.8"]
[White "Ushenina, Anna"]
[Black "Zawadzka, Jolanta"]
[Result "1-0"]
[WhiteTitle "GM"]
[BlackTitle "WGM"]
[WhiteElo "2418"]
[BlackElo "2351"]
[WhiteFideId "14110911"]
[BlackFideId "1122320"]
[EventDate "2024.04.19"]

1. d4 d5 2. c4 c6 3. Nf3 Nf6 4. e3 Bf5 5. Nc3 e6 6. Nh4 Be4 7. f3 Bg6 8. Qb3 Qc7
9. Bd2 a5 10. cxd5 Nxd5 11. g3 Nxc3 12. bxc3 b5 13. Nxg6 hxg6 14. Kf2 Nd7 15.
Be2 Be7 16. e4 a4 17. Qb2 O-O 18. Be3 f5 19. Kg2 Rad8 20. c4 Rb8 21. Qc2 Qa7 22.
Rab1 b4 23. c5 e5 24. Rhc1 exd4 25. Bxd4 Kh7 26. exf5 gxf5 27. Qc4 Bg5 28. Rc2
Bf6 29. Rxb4 Rxb4 30. Qxb4 Rb8 31. Qc4 Bxd4 32. Qxd4 Nf8 33. Qe5 g6 34. Rc4 Kg8
35. Rh4 1-0

[Event "24th ch-EUR Indiv w 2024"]
[Site "Rhodes GRE"]
[Date "2024.04.22"]
[Round "4.9"]
[White "Gajcin, Marina"]
[Black "Atalik, Ekaterina"]
[Result "1/2-1/2"]
[WhiteTitle "WGM"]
[BlackTitle "IM"]
[WhiteElo "2224"]
[BlackElo "2406"]
[WhiteFideId "949086"]
[BlackFideId "4130189"]
[EventDate "2024.04.19"]

1. e4 c6 2. d4 d5 3. Nc3 dxe4 4. Nxe4 Bf5 5. Ng3 Bg6 6. h4 h6 7. Nf3 e6 8. h5
Bh7 9. Bd3 Bxd3 10. Qxd3 Nf6 11. Bd2 Be7 12. O-O-O O-O 13. Kb1 c5 14. Ne4 Nc6
15. Nxf6+ Bxf6 16. dxc5 Qxd3 17. cxd3 Rfd8 18. Bc3 Rd5 1/2-1/2

[Event "24th ch-EUR Indiv w 2024"]
[Site "Rhodes GRE"]
[Date "2024.04.22"]
[Round "4.10"]
[White "Beydullayeva, Govhar"]
[Black "Rakhmangulova, Anastasiya"]
[Result "1-0"]
[WhiteTitle "WGM"]
[BlackTitle "WGM"]
[WhiteElo "2402"]
[BlackElo "2324"]
[WhiteFideId "13413015"]
[BlackFideId "14117479"]
[EventDate "2024.04.19"]

1. Nf3 Nf6 2. d4 g6 3. c4 Bg7 4. g3 d6 5. Bg2 O-O 6. Nc3 c6 7. O-O Bf5 8. Re1
Ne4 9. Qb3 Nxc3 10. bxc3 Bc8 11. e4 Nd7 12. a4 Qc7 13. Be3 c5 14. d5 b6 15. Nh4
Ba6 16. f4 Rae8 17. Bh3 e6 18. dxe6 fxe6 19. Nf3 Nb8 20. a5 bxa5 21. e5 dxe5 22.
Nxe5 Bxe5 23. fxe5 Nd7 24. Qd1 Bxc4 25. Qd6 Qxd6 26. exd6 Ne5 27. Bg2 Bd5 28.
Rxa5 Bxg2 29. Kxg2 Nc4 30. Rxa7 Nxe3+ 31. Rxe3 Rf7 32. Ra6 Rd7 33. Re5 c4 34.
Re4 e5 35. Rxc4 Re6 36. Rcc6 e4 37. Kf2 e3+ 38. Ke2 Kf7 39. c4 Re5 40. Ra3 Rb7
41. Rxe3 Rb2+ 42. Kf3 Rf5+ 43. Ke4 Ke6 44. Kd3+ Kd7 45. Ra6 1-0